000 00550nam a2200193Ia 4500
005 20250508163456.0
008 008 250505s9999 xx 000 0 hin d
037 _aDissertations
040 _aFEDL
_beng
_cFEDL
041 _ahin
_2eng
084 _a157.3, GUP/DI
_qFEDL
100 _aGupta Seetal
_9775415
245 0 _aVibinn sanvegatmak-boddhik ster avam pratyakshikaran
260 _c1976
300 _a137p.
546 _aM. Ed. Dissertation (Agra University)
942 _cDIS
_h157.3, GUP/DI
999 _c1383546
_d1383546